Welcome to CU Library Online Public Access Catalogue (OPAC)

Introduction to banking (Record no. 3774)

MARC details
000 -LEADER
fixed length control field 00469nam a22001817a 4500
005 - DATE AND TIME OF LATEST TRANSACTION
control field 20250210102637.0
008 - FIXED-LENGTH DATA ELEMENTS--GENERAL INFORMATION
fixed length control field 250210b |||||||| |||| 00| 0 eng d
020 ## - INTERNATIONAL STANDARD BOOK NUMBER
International Standard Book Number 9780273693024
050 ## - LIBRARY OF CONGRESS CALL NUMBER
Classification number HG1601
Item number CAS
100 ## - MAIN ENTRY--PERSONAL NAME
Personal name Casu, Barbara
245 ## - TITLE STATEMENT
Title Introduction to banking
260 ## - PUBLICATION, DISTRIBUTION, ETC.
Place of publication, distribution, etc. London
Name of publisher, distributor, etc. Prentice-Hall
Date of publication, distribution, etc. c2006
300 ## - PHYSICAL DESCRIPTION
Extent xxvi, 526p;
Other physical details ill.;
500 ## - GENERAL NOTE
General note Includes index
700 ## - ADDED ENTRY--PERSONAL NAME
Personal name Girardone, Claudia
700 ## - ADDED ENTRY--PERSONAL NAME
Personal name Molyneux, Philip
942 ## - ADDED ENTRY ELEMENTS (KOHA)
Source of classification or shelving scheme Library of Congress Classification
Koha item type Books
Suppress in OPAC No
999 ## -
-- 3774
-- 3774
Holdings
Withdrawn status Lost status Source of classification or shelving scheme Damaged status Not for loan Collection Home library Current library Shelving location Date acquired Total checkouts Full call number Barcode Date last seen Copy number Price effective from Koha item type
    Library of Congress Classification       Graduate Library (Christ Temple) Graduate Library (Christ Temple) General stacks 03/09/2026   HG 1601 CAS gsct00003096 03/09/2026   03/09/2026 Books
    Library of Congress Classification       Graduate Library (Christ Temple) Graduate Library (Christ Temple) General stacks 03/09/2026   HG 1601 CAS gsct00003097 03/09/2026   03/09/2026 Books
    Library of Congress Classification     Non-fiction Undergraduate Library (Christ Temple) Undergraduate Library (Christ Temple) General stacks 02/10/2025   HG 1601 CAS ulct00001124 02/10/2025 1 02/10/2025 Books
    Library of Congress Classification     Non-fiction Undergraduate Library (Christ Temple) Undergraduate Library (Christ Temple) General stacks 02/10/2025   HG 1601 CAS ulct00001125 02/10/2025 2 02/10/2025 Books
    Library of Congress Classification     Non-fiction Undergraduate Library (Christ Temple) Undergraduate Library (Christ Temple) General stacks 02/10/2025   HG 1601 CAS ulct00001126 02/10/2025 3 02/10/2025 Books
© 2023-2024 Copyright: Central University Libraries. All Rights Reserved | Created by: Mahone Tech Office